Ofertorio sentimental / (Record no. 171812)

MARC details
000 -LEADER
campo de control de longitud fija 00424nam a22001455i 4500
001 - NÚMERO DE CONTROL
campo de control 171812
003 - IDENTIFICADOR DE NÚMERO DE CONTROL
campo de control ES-MaACL
005 - FECHA Y HORA DE LA ÚLTIMA TRANSACCIÓN
campo de control 20230906214734.0
008 - DATOS DE LONGITUD FIJA--INFORMACIÓN GENERAL
campo de control de longitud fija 090602s1919 sp |||| | spa d
100 1# - ENTRADA PRINCIPAL--NOMBRE DE PERSONA
Nombre de persona Solís Latorre, Isidro.
9 (RLIN) 140429
245 10 - MENCIÓN DEL TÍTULO
Título Ofertorio sentimental /
Mención de responsabilidad, etc. Isidro Solís Latorre.
260 ## - PUBLICACIÓN, DISTRIBUCIÓN, ETC.
Lugar de publicación, distribución, etc. Madrid :
Nombre del editor, distribuidor, etc. [s.n.],
Fecha de publicación, distribución, etc. 1919 (
Fabricante Tall. El Imparcial)
300 ## - DESCRIPCIÓN FÍSICA
Extensión 126 p. ;
Dimensiones 20 cm.
852 ## - LOCALIZACIÓN
Ubicación ES-MaACL
Número de control de estantería F-7664
Holdings
Estatus retirado Estado de pérdida Estado de daño No para préstamo Biblioteca de origen Biblioteca actual Ubicación en estantería Fecha de adquisición Fuente de adquisición Total de préstamos Signatura topográfica completa Código de barras Visto por última vez Precio de reemplazo Tipo de ítem Koha
        Biblioteca del Ateneo de Madrid Biblioteca del Ateneo de Madrid Sala Pecera Planta 2 02/06/2009     F-7664 1180312 23/02/2023 23/02/2023 Libro impreso